000 00677nam a2200181Ia 4500
008 090124s9999 xx 000 0 und d
082 _b6626
100 _aसहस्त्रबुध्दे पु .ग..
245 _a केसरीची त्रिमूर्ति
250 _a1
260 _bकेसरी मुद्रणालय़
_c1974
300 _a352
600 _aसहस्त्रबुध्दे पु .ग..
630 _a केसरीची त्रिमूर्ति
700 _aसहस्त्रबुध्दे पु .ग..
730 _a केसरीची त्रिमूर्ति
942 _cBOOK
999 _c84739
_d84739